Philosophy of social ecology : essays on dialectical naturalism

Αποθηκεύτηκε σε:
Λεπτομέρειες βιβλιογραφικής εγγραφής
Κύριος συγγραφέας: Bookchin, Murray, 1921-2006
Μορφή: Βιβλίο
Γλώσσα:English
Δημοσίευση: Montreal : Black Rose Books, c1995.
Θέματα:
Ετικέτες: Προσθήκη ετικέτας
Δεν υπάρχουν, Καταχωρήστε ετικέτα πρώτοι!

MARC

LEADER 00000cam a2200000 i 4500
001 1/15156
008 010110s1995 cn | ||| |||| ||eng||
020 |a 155164018X 
035 |l 10065285 
040 |a GR-MyUA  |b gre  |e AACR2 
041 0 |a eng 
082 0 |a 304.2 
100 1 |a Bookchin, Murray,   |d 1921-2006. 
245 1 0 |a Philosophy of social ecology :   |b essays on dialectical naturalism /   |c Murray Bookchin.  
260 |a Montreal :   |b Black Rose Books,   |c c1995.  
300 |a 183 σ.  
650 0 0 |a Human ecology. 
650 0 0 |a Philosophy of nature. 
650 0 0 |a Environmental ethics. 
767 0 8 |i Μεταφρασμένο ως:   |t Ιστορία, πολιτισμός και πρόοδος :  
852 |a INST  |b LESVOS  |e 20010110  |h 304.2 BOO  |p 005100029207  |q 005100029207  |t BK  |y 0 
901 |a BIBL1-2001-1 
909 |a Λ  |b 084248 
922 |a 1ΕΛΗ  |b 200012  |c ΤΑΚ/ΤΓ  |d ΜΙΧΑΛΟΠΟΥΛΟΣ 
950 |a 118-1999-09-20 
970 |a ΤΖΑΦΕΡΗ  |b ΕΥΑΓΓΕΛΙΑ  |z 2001/01/29